Proceedings : 1990 biennial conference, Walt Disney World Village, Florida, August 19-23, 1990 /

Bibliographic Details
Corporate Authors: National Water Supply Improvement Association (U.S.). Conference, International Desalination Association, National Water Supply Improvement Association (U.S.)
Format: Book
Language:English
Published: [St. Leonard] : National Water Supply Improvement Association, [1990]
Subjects:

MARC

Tag First Indicator Second Indicator Subfields
LEADER 00000cam a2200000 a 4500
001 in00002012222
005 20151031153919.0
008 910719s1990 mduab b 100 0 eng
010 |a  91174046  
035 |a (OCoLC)ocm31241387 
040 |a DLC  |c DLC  |d OCL  |d TXA  |d UtOrBLW 
049 |a TXAM 
050 0 0 |a TD478  |b .N38 1990 
082 0 0 |a 628.1/67  |2 20 
110 2 |a National Water Supply Improvement Association (U.S.).  |b Conference  |n (3rd :  |d 1990 :  |c Walt Disney World Village) 
245 1 0 |a Proceedings :  |b 1990 biennial conference, Walt Disney World Village, Florida, August 19-23, 1990 /  |c sponsored by International Desalination Association [and others]. 
264 1 |a [St. Leonard] :  |b National Water Supply Improvement Association,  |c [1990] 
300 |a 2 volumes :  |b illustrations, maps ;  |c 28 cm. 
336 |a text  |b txt  |2 rdacontent 
337 |a unmediated  |b n  |2 rdamedia 
338 |a volume  |b nc  |2 rdacarrier 
504 |a Includes bibliographical references. 
505 0 |a v. 1. Sessions 1-4 -- v. 2. Sessions 5-9, poster presentations. 
650 0 |a Saline water conversion  |v Congresses. 
650 0 |a Water reuse  |v Congresses. 
650 0 |a Water  |x Purification  |x Membrane filtration  |v Congresses. 
710 2 |a International Desalination Association. 
710 2 |a National Water Supply Improvement Association (U.S.) 
948 |a cataloged  |b h  |c 2004/12/17  |d c  |e mphillip  |f 11:01:59 am 
994 |a E0  |b TXA 
999 |a MARS 
999 f f |s 3745faf4-8b89-3363-b023-ffb0b6b8fef0  |i 3a93556d-34e5-31e3-8148-c1665ee30bb2  |t 0 
952 f f |p ric  |a Texas A&M University  |b Rellis Campus  |c Joint Library Facility  |d Remote Storage  |t 0  |e TD478 .N38 1990  |h Library of Congress classification  |i unmediated -- volume  |k v.1  |m A14831672675 
998 f f |a TD478 .N38 1990  |s v.1  |t 0  |l Remote Storage